000 00294nam a2200133Ia 4500
100 _aChandrupatla/Tirupathi R
942 _cBK
654 _afinite
245 _aFinite element analysis
260 _bUniversities Press
_c2004
082 _a620.0015
_bCHA
300 _a253
546 _aENGLISH
999 _c18941
_d18941